| 000 | 00381cam a22001337a 4500 | ||
|---|---|---|---|
| 008 | 180718b1968 xxu||||| |||| 00| 0 eng d | ||
| 020 | _aGB340 06097 2 | ||
| 082 | _aT16 H367 | ||
| 100 | _aHelm,Franz C. | ||
| 245 |
_aThe economics of co-operative enterprise _cBy Franz C. Helm |
||
| 260 |
_aMoshi _bUniversity of London _c1968 |
||
| 300 | _ax, 246p | ||
| 650 | _aCooperative societies | ||
| 999 |
_c411704 _d411704 |
||